Шпионско наследство (Запис номер 329911)
[ съкратено ]
| 000 -Лидер | |
|---|---|
| Лидер | 01043nam a2200265 a 4500 |
| 003 - Код на организацията, давaща контролен номер | |
| Код на организацията, даваща контролен номер | BLK |
| 005 - Дата и час на последна редакция | |
| Дата и час на последна редакция | 20250603115646.0 |
| 008 - Елементи от данни с фиксирана дължина | |
| Елементи с фиксирана дължина | 190403b bu |||||r|||| 00| 0 bu d |
| 020 ## - Международен стандартен номер на книга ISBN | |
| ISBN | 9786190201960 |
| 040 ## - Източник на каталожния запис | |
| Код на библиотеката | BLK |
| 041 ## - Код за език | |
| Език | Български |
| Език за КДБФ | Български |
| 080 ## - УДК | |
| УДК текст | Английска литература |
| УДК код | 821.111 |
| УДК – определител | -312.4 |
| УДК – код + определител | 821.111-312.4 |
| 100 ## - Редна дума - Автор | |
| Автор | Льо Каре, Джон |
| R(LIN) | 255708 |
| 245 ## - Сведения за заглавието | |
| Заглавие | Шпионско наследство |
| Авторска отговорност | Джон льо Каре ; прев. от англ. ез. Венцислав К. Венков |
| 260 ## - Област на издателските данни | |
| 9 (RLIN) | 209486 |
| Място на издаване | София |
| Име на издателя | Колибри |
| Година на издаване | 2018 |
| Печатница | София: Инвестпрес |
| 300 ## - Физическа характеристика | |
| Брой страници | 319 с. |
| Размер | 20 см |
| 380 ## - Жанр | |
| Жанр | Худож. лит. |
| 490 ## - СЕРИИ (Колекции) | |
| Серия | Съвременни трилъри |
| 500 ## - Общи забележки | |
| Обща забележка | Ориг. загл.: A legacy of spies / John le Carré. |
| 700 ## - Други автори (авторска отговорност) | |
| 9 (RLIN) | 367682 |
| Друг автор | Венков, Венцислав Константинов |
| Авт. отговорност на др. автор | прев. от англ. |
| 852 ## - Местоположение | |
| Сигнатура (форматна) | Цб 294320 |
| 942 ## - АРТИКУЛИ | |
| Вид на библиотечния документ | Книги |
| Скрит в OPAC | Не |
| 944 ## - СЪЗДАВАНЕ И РЕДАКЦИЯ на ЗАПИСА | |
| Дата на регистрацията/редакция | 2025 |
| Служител, извършил регистрацията/редакцията | 30550 |
| Номер на служител | Кети Илиева |
| 999 ## - СИСТЕМНИ КОНТРОЛНИ НОМЕРА | |
| Koha biblionumber | 329911 |
| Koha biblioitemnumber | 329911 |
| Код за отписване | Код за изгубен артикул | Източник на класификационната схема | Код за повреда | Коз за рестрикции | Код за отдаване | Артикулен № | Име на библиотеката - собственик | Име на библиотеката, в която се намира в момента | Статус (Текущо местоположение) | Дата на вписване в системата | Местоположение - отдел | Цена в лева | Систематично азбучна сигнатура | Баркод | Цена в евро | Служебен тип на артикула | Инвентарен номер |
|---|---|---|---|---|---|---|---|---|---|---|---|---|---|---|---|---|---|
| Не е изгубен | Universal Decimal Classification | Не е повреден | без рестрикции | ползва се в читалня | 697695 | Регионална библиотека "Любен Каравелов" Русе | Регионална библиотека "Любен Каравелов" Русе | Хранилище | 2019-04-04 | Хранилище | 16.00 | Цб 294320 | 120000831121 | 8.18 | Книги | ||
| Не е изгубен | Universal Decimal Classification | Не е повреден | заемане за дома | 974705 | Регионална библиотека "Любен Каравелов" Русе | Регионална библиотека "Любен Каравелов" Русе | Заемна - подръчен фонд | 2025-06-04 | Заемна - подръчен фонд | 16.00 | 821-31/Л 94 Д | 120000920082 | 8.18 | Книги | 120000920082 |